00922cam a22002537a 450000500170000000800410001701000100005801100100006803500100007808200190008810000450010724501080015226000720026030000100033259000410034259000410038359000410042459000420046565000330050765000440054090100070058494900600059199900170065120220329141145.0971010s1988 r 00010 d a63569 a64541 a70170 a630.097262bM300aMata García, Bernardinoecoord.972863 0aInforme del campamento de trabajo Ib: Diagnóstico agrosocial de la zona norte del estado de Veracruz aChapingo, Méx. :bUACH. Departamento de Sociología Rural,c1988 a146 h aBATCH-UPDb10c20130110lUCH01h1038 aBATCH-UPDb10c20130410lUCH01h0639 aBATCH-UPDb10c20130914lUCH01h0010 aCONVERSIONb10c20130109lUCH01h133414aAgriculturazVeracruz.9194114aVeracruzxCondiciones sociales.9118809 aBK a630.097262 M3bSRcLIBROd-2411eLIBROh11209i70170si c63569d63569